000 01801nam a2200409 i 4500
001 195657
003 ES-MaACL
005 20250708191800.0
007 ta
008 240701s2015 mx r 000 0 spa d
020 _a9786070272110
020 _a9786070267123
035 _aRebiun27841478
040 _aBUAH
_bspa
_cES-MaACL
245 0 0 _aPolítica y sociedad en el exilio republicano español /
_cMari Carmen Serra Puche, José Francisco Mejía Flores, Carlos Sola Ayape (coordinadores)
250 _a1 êd
260 _aMéxico, D.F. :
_bUniversidad Nacional Autónoma de México, Centro de Investigaciones sobre América Latina y el Caribe, :
_bCátedra del Exilio,
_c2015
300 _a293 p. ;
_c23 cm
336 _2rdacontent
_atexto
337 _2rdamedia
_asin mediación
338 _2rdacarrier
_avolumen
490 1 _aExilio Iberoamericano ;
_v2
500 _aCatalogación provisional. Signatura: N 8699. Depósito J.
650 0 _aExiliados españoles-
_zAmérica Latina-
_yS.XX
_9237300
651 4 _aEspaña-
_xHistoria-
_y1936-1939, Guerra civil-
_xOpinión pública
_98317
700 _aSantana, Adalberto
_9237302
700 _aVelázquez Hernández, Aurelio
_9237303
710 _aUniversidad Nacional Autónoma de México.
_bCentro de Investigaciones sobre América Latina y el Caribe
_9237304
710 _aCátedra del Exilio
_9237305
830 _aExilio Iberoamericano
_9237306
852 _aES-MaACL
_bR.152817
_cDEPOJ
_jN-8699
_hDonación: Editorial
_9203856
_zEn proceso
942 _n0
_cMONOGRAFIA
999 _c195657
_d195657